zpět

Detail výsledku týmu

The PUB Praha 6 PO, Praha

Datum a čas kvízu

21 Celkem bodů Celkový počet nahraných bodů na tomto kvízu bez doplňovacích otázek.
10. Pořadí na kvízu Konečné umístění týmu na tomto kvízu.

Zaznamenané odpovědi

# Otázka Odpověď Body Výsledky
1. Kandidátka SPOLU do červnových... Hayato Okamura 0
2. Minulý týden jsme se dozvěděli... na Novém Zélandu 0
3. Minulý týden jsme se dozvěděli... kameraman 1
4. Úřad pro ochranu hospodářské s... Pernod Ricard 0
5. Ve kterém britském městě se od... v Glasgow 0
6. Napište český i latinský název... kost stehenní, femur (os femoris) 0.5
7. Ve kterém českém městě najdeme... v Brně 0
8. Hlavní postava seriálu Sběrate... Booth 0
9. Kterému zvířeti patří tato kos... hrochovi 0
10. V září roku 2012 byla pod park... Richard III. 0